000 00326 a2200121 4500
001 147084
040 _cEscola São Tomás de Aquino
100 _aMEIER, Marcos
240 1 0 _aBullying sem blá-blá-blá
_lpor
245 1 0 _aBullying sem blá-blá-blá
697 _aProblemas de disciplina. Violência estudantil
942 _cBK
999 _c147084
_d147084